[Event "48.C.to  di Cat.Mag. Semif. ITA"]
[Site "Milano ITA"]
[Date "1988.02.19"]
[Round "7.4"]
[White "Marinelli, Tullio"]
[Black "Vezzosi, Paolo"]
[Result "1/2-1/2"]
[WhiteElo "2153"]
[BlackElo "2270"]
[Annotator "Gabriele Ballarin"]
[PlyCount "91"]
[EventDate "1988.02.13"]
[EventType "tourn"]
[EventRounds "9"]
[EventCountry "ITA"]

1. d4 Nf6 2. c4 c5 3. d5 d6 4. Nc3 g6 5. e4 Bg7 6. f3 O-O 7. Be3 e6 8. Qd2 exd5 9. cxd5 Na6 10. Bd3 Bd7 11. Nge2 Re8 12. O-O Nb4 13. Bc4 Rb8 14. a3 Na6 15. Nb5 Bxb5 16. Bxb5 Re7 17. Bg5 Nc7 18. Bd3 Nce8 19. Nc3 a6 20. Rae1 Qa5 21. f4 c4 22. Bb1 Rd7 23. Kh1 b5 24. Qe2 Nc7 25. Bxf6 Bxf6 26. e5 dxe5 27. fxe5 Bg7 28. Qg4 Rdd8 29. e6 fxe6 30. dxe6 b4 31. Qxc4 Rd4 32. Qb3 Re8 33. e7+ Kh8 34. axb4 Qxb4 35. Qf7 Qb8 36. Rf3 Rh4 37. h3 Rd4 38. Ne4 Nd5 39. Nd6 Rxe7 40. Rxe7 Rd1+ 41. Rf1 Rxf1+ 42. Qxf1 Nxe7 43. Nf7+ Kg8 44. Qc4 Bxb2 45. Ba2 Kg7 46. Ng5 1/2-1/2

[Event "48.C.to  di Cat.Mag. Semif. ITA"]
[Site "Milano ITA"]
[Date "1988.02.19"]
[Round "7.5"]
[White "Quinto, Gianni"]
[Black "Brovelli, Claudio"]
[Result "0-1"]
[WhiteElo "2085"]
[BlackElo "2017"]
[Annotator "Gabriele Ballarin"]
[PlyCount "86"]
[EventDate "1988.02.13"]
[EventType "tourn"]
[EventRounds "9"]
[EventCountry "ITA"]

1. d4 e6 2. c4 Nf6 3. Nf3 c5 4. d5 exd5 5. cxd5 d6 6. Nc3 g6 7. Bf4 a6 8. e4 Bg7 9. Qa4+ Bd7 10. Qb3 Bc8 11. a4 O-O 12. Be2 Nh5 13. Be3 Nd7 14. O-O Qe7 15. Nd2 b6 16. Nc4 Rb8 17. Bxh5 gxh5 18. Qd1 b5 19. axb5 axb5 20. Na5 Qh4 21. Nc6 Rb7 22. g3 Qh3 23. Ne2 Nf6 24. Nf4 Qg4 25. f3 Qd7 26. Qd2 Rc7 27. Ng2 Bb7 28. Na5 Ne8 29. Nh4 Bf6 30. Nxb7 Rxb7 31. Ra8 Ng7 32. Rfa1 Rfb8 33. R1a6 Qd8 34. Rxb8 Rxb8 35. Bf4 Rb6 36. Ra7 b4 37. Qc2 b3 38. Qd2 c4 39. Be3 c3 40. Qd1 c2 41. Qa1 Rb8 42. Ng2 Qc8 43. Ra6 Bxb2 0-1

[Event "48.C.to  di Cat.Mag. Semif. ITA"]
[Site "Milano ITA"]
[Date "1988.02.19"]
[Round "7.6"]
[White "Lagrotteria, Salvatore"]
[Black "Sani, Valentino"]
[Result "0-1"]
[WhiteElo "2068"]
[BlackElo "1900"]
[Annotator "Gabriele Ballarin"]
[PlyCount "86"]
[EventDate "1988.02.13"]
[EventType "tourn"]
[EventRounds "9"]
[EventCountry "ITA"]

1. e4 c5 2. Nf3 d6 3. d3 Nc6 4. g3 g6 5. Bg2 Bg7 6. c3 Bd7 7. O-O Nf6 8. Nbd2 O-O 9. Re1 e5 10. Nc4 Qc7 11. a4 Be6 12. Ne3 h6 13. Nh4 Qd7 14. f4 exf4 15. gxf4 Bh3 16. Qf3 Bxg2 17. Nhxg2 Kh7 18. Kh1 Rae8 19. Bd2 Na5 20. Ra3 c4 21. Nxc4 Nxc4 22. dxc4 Qc6 23. Be3 Nxe4 24. Bxa7 f5 25. Bg1 Qxc4 26. Raa1 Ra8 27. a5 Qb5 28. Nh4 Bf6 29. c4 Qc6 30. Ng2 Bxb2 31. Rab1 Bf6 32. Rb6 Qxc4 33. Rxb7+ Rf7 34. Rc1 Qd5 35. Rxf7+ Qxf7 36. Bb6 Bd8 37. h3 h5 38. Kh2 Qd5 39. Ne3 Qd2+ 40. Ng2 Qxc1 41. Qb3 Bxb6 42. Qf7+ Kh6 43. axb6 Qc3 0-1

[Event "48.C.to  di Cat.Mag. Semif. ITA"]
[Site "Milano ITA"]
[Date "1988.02.19"]
[Round "7.7"]
[White "Mantovani, Renzo"]
[Black "Leoni, Leopoldo"]
[Result "1-0"]
[WhiteElo "2410"]
[BlackElo "2126"]
[Annotator "Gabriele Ballarin"]
[PlyCount "69"]
[EventDate "1988.02.13"]
[EventType "tourn"]
[EventRounds "9"]
[EventCountry "ITA"]

1. e4 c5 2. Nf3 e6 3. Nc3 Nc6 4. d4 cxd4 5. Nxd4 a6 6. g3 Qc7 7. Bg2 Nf6 8. O-O Be7 9. Re1 d6 10. Nxc6 bxc6 11. e5 dxe5 12. Rxe5 O-O 13. Re1 Nd5 14. Ne4 e5 15. Qe2 a5 16. Bd2 Ba6 17. Qh5 Rad8 18. Rad1 Bc8 19. Qe2 Bf5 20. Qc4 Qb6 21. b3 Bg4 22. Rc1 Be6 23. Qe2 a4 24. bxa4 Qb2 25. c4 Nb4 26. Rb1 Qa3 27. Bc3 Qxa4 28. Nc5 Bxc5 29. Qxe5 Bd4 30. Bxd4 Rxd4 31. Qxd4 Nc2 32. Qd1 Qxc4 33. Re4 Qxa2 34. Re2 Bf5 35. Rc1 1-0

[Event "48.C.to  di Cat.Mag. Semif. ITA"]
[Site "Milano ITA"]
[Date "1988.02.19"]
[Round "7.8"]
[White "Calvenzani, Oscar"]
[Black "Facchetti, Giovanni"]
[Result "0-1"]
[WhiteElo "1986"]
[BlackElo "2106"]
[Annotator "Gabriele Ballarin"]
[PlyCount "84"]
[EventDate "1988.02.13"]
[EventType "tourn"]
[EventRounds "9"]
[EventCountry "ITA"]

1. e4 e5 2. Nf3 Nc6 3. c3 Nf6 4. d3 d5 5. Nbd2 dxe4 6. dxe4 Bc5 7. Be2 O-O 8. O-O a6 9. Qc2 Bg4 10. Re1 Bh5 11. h3 Bg6 12. g3 h6 13. Bf1 Nh5 14. Nb3 Bb6 15. Be3 Bxe3 16. Rxe3 Qe7 17. Nh4 Rad8 18. Be2 Nf4 19. Bf1 Ne6 20. Rae1 Ng5 21. Nf5 Qe6 22. h4 Nxe4 23. g4 Nd6 24. Bg2 Nxf5 25. gxf5 Bxf5 26. Qe2 Rfe8 27. Nd4 Nxd4 28. cxd4 e4 29. Bxe4 Bxe4 30. Rxe4 Qxe4 31. Qxe4 Rxe4 32. Rxe4 Rd7 33. Re8+ Kh7 34. Re4 f5 35. Rf4 Rd5 36. h5 Kg8 37. Kf1 Kf7 38. Ke2 Kf6 39. Rf3 Rxd4 40. Rh3 a5 41. Rc3 c6 42. Rb3 Rb4 0-1

[Event "48.C.to  di Cat.Mag. Semif. ITA"]
[Site "Milano ITA"]
[Date "1988.02.19"]
[Round "7.9"]
[White "Quagliarella, Sabino Remo"]
[Black "Micalizzi, Giovanni"]
[Result "0-1"]
[WhiteElo "1900"]
[BlackElo "2068"]
[Annotator "Gabriele Ballarin"]
[PlyCount "74"]
[EventDate "1988.02.13"]
[EventType "tourn"]
[EventRounds "9"]
[EventCountry "ITA"]

1. c4 e6 2. g3 d5 3. Bg2 Nf6 4. Nf3 Nbd7 5. b3 Be7 6. O-O O-O 7. Bb2 b6 8. d4 Bb7 9. Nbd2 c5 10. e3 Qc7 11. Rc1 Rad8 12. Qe2 Qb8 13. Rfd1 Bd6 14. cxd5 Nxd5 15. Nc4 Be7 16. dxc5 Nxc5 17. Be5 Qa8 18. e4 Nf6 19. Bxf6 Bxf6 20. e5 Be7 21. Nd6 Bxd6 22. exd6 Bd5 23. Rxd5 exd5 24. Nh4 Rxd6 25. Nf5 Rd7 26. Qg4 Ne6 27. Nh6+ Kh8 28. Nxf7+ Rdxf7 29. Qxe6 Rxf2 30. Bxd5 Qd8 31. Rd1 Qf6 32. Qh3 Rxa2 33. Be4 h6 34. g4 Ra1 35. Bb1 Qf2+ 36. Kh1 Qe2 37. Rc1 Rxb1 0-1

[Event "48.C.to  di Cat.Mag. Semif. ITA"]
[Site "Milano ITA"]
[Date "1988.02.19"]
[Round "7.10"]
[White "Visentin, Claudio"]
[Black "Braunberger, Federico"]
[Result "1-0"]
[WhiteElo "2017"]
[BlackElo "2060"]
[Annotator "Gabriele Ballarin"]
[PlyCount "79"]
[EventDate "1988.02.13"]
[EventType "tourn"]
[EventRounds "9"]
[EventCountry "ITA"]

1. d4 d5 2. Nf3 Nf6 3. c4 c6 4. Nc3 e6 5. Bg5 Nbd7 6. e3 Qa5 7. Nd2 Bb4 8. Qc2 Ne4 9. Ndxe4 dxe4 10. Bh4 O-O 11. Be2 e5 12. O-O exd4 13. exd4 Bxc3 14. bxc3 f5 15. c5 Nf6 16. f3 exf3 17. Rxf3 Bd7 18. Qb3+ Kh8 19. Bxf6 Rxf6 20. Qxb7 Qd8 21. Bc4 f4 22. Re1 Rb8 23. Qxa7 Rb2 24. Qa3 Qb8 25. Bb3 Rxb3 26. Qxb3 Qc8 27. Re7 g5 28. Qb6 g4 29. Rf1 f3 30. Rf2 h5 31. Qa7 Bf5 32. Qc7 Qf8 33. Qe5 Qh6 34. gxf3 gxf3 35. Rxf3 Qc1+ 36. Rf1 Qg5+ 37. Qg3 Qh6 38. Re8+ Rf8 39. Rxf8+ Qxf8 40. Qe5+ 1-0

[Event "48.C.to  di Cat.Mag. Semif. ITA"]
[Site "Milano ITA"]
[Date "1988.02.19"]
[Round "7.11"]
[White "Drei, Andrea"]
[Black "Iudicello, Massimo"]
[Result "1/2-1/2"]
[WhiteElo "2235"]
[BlackElo "1914"]
[Annotator "Gabriele Ballarin"]
[PlyCount "63"]
[EventDate "1988.02.13"]
[EventType "tourn"]
[EventRounds "9"]
[EventCountry "ITA"]

1. e4 e5 2. Nf3 Nc6 3. Bb5 a6 4. Bxc6 dxc6 5. O-O f6 6. d4 Bg4 7. dxe5 Qxd1 8. Rxd1 fxe5 9. Rd3 Bxf3 10. Rxf3 Nf6 11. Nc3 Bb4 12. Bg5 Bxc3 13. bxc3 Nxe4 14. Re1 Nxg5 15. Rxe5+ Ne6 16. Rxe6+ Kd7 17. Re4 Raf8 18. Rd3+ Kc8 19. Kf1 Re8 20. Rde3 Rxe4 21. Rxe4 Rd8 22. Ke2 Rd5 23. c4 Rg5 24. g3 Kd8 25. h4 Ra5 26. Rg4 g6 27. Kd3 Ke7 28. Re4+ Kf6 29. Rd4 Ke7 30. Re4+ Kf7 31. Rf4+ Ke7 32. Re4+ 1/2-1/2

[Event "48.C.to  di Cat.Mag. Semif. ITA"]
[Site "Milano ITA"]
[Date "1988.02.19"]
[Round "7.12"]
[White "Martorelli, Antonio"]
[Black "Caposciutti, Maurizio"]
[Result "1-0"]
[WhiteElo "2235"]
[BlackElo "2181"]
[Annotator "Gabriele Ballarin"]
[PlyCount "75"]
[EventDate "1988.02.13"]
[EventType "tourn"]
[EventRounds "9"]
[EventCountry "ITA"]

1. e4 c5 2. Nf3 d6 3. d4 cxd4 4. Nxd4 Nf6 5. Nc3 Nc6 6. Bc4 Qb6 7. Nb3 e6 8. O-O Be7 9. Be3 Qc7 10. f4 a6 11. a4 Bd7 12. Be2 O-O 13. a5 Rac8 14. Bb6 Qb8 15. Bf3 Nb4 16. Rc1 e5 17. Be3 Rxc3 18. bxc3 Na2 19. Ra1 Nxc3 20. Qe1 Ncxe4 21. Bxe4 Nxe4 22. Qb4 Nf6 23. c4 Re8 24. Rae1 Bc6 25. fxe5 dxe5 26. Bc5 Bxc5+ 27. Nxc5 Qc8 28. h3 h6 29. Rf2 Nh5 30. Ne4 Qe6 31. Nd6 Rf8 32. Nf5 Re8 33. Qc5 Kh7 34. Nd4 Qg6 35. Nxc6 bxc6 36. Rxe5 Rxe5 37. Qxe5 Kg8 38. Qf5 $138 1-0

[Event "48.C.to  di Cat.Mag. Semif. ITA"]
[Site "Milano ITA"]
[Date "1988.02.19"]
[Round "7.13"]
[White "Gongalov, Bojan"]
[Black "Pernisco, Ermanno"]
[Result "1-0"]
[WhiteElo "2008"]
[BlackElo "2080"]
[Annotator "Gabriele Ballarin"]
[PlyCount "77"]
[EventDate "1988.02.13"]
[EventType "tourn"]
[EventRounds "9"]
[EventCountry "ITA"]

1. Nc3 g6 2. d4 Bg7 3. e4 d6 4. Bc4 Nf6 5. f3 Nbd7 6. h4 c6 7. a4 Qa5 8. Bd2 Qb6 9. Nge2 h5 10. a5 Qc7 11. Bb3 Rb8 12. Qb1 e5 13. Qa2 O-O 14. g4 exd4 15. Nxd4 d5 16. O-O-O dxe4 17. Bxf7+ Rxf7 18. Ne6 Qd6 19. Bf4 Qxf4+ 20. Nxf4 exf3 21. g5 Ng4 22. Ne4 Be5 23. Nxg6 Kg7 24. Nxe5 Ndxe5 25. Ng3 Nf2 26. Nxh5+ Kg6 27. Nf6 Kf5 28. Nh5 Nxh1 29. Rxh1 Kg4 30. g6 Re7 31. Nf6+ Kf5 32. Ng8 Rg7 33. h5 Be6 34. Nh6+ Kf6 35. Qa4 Nd7 36. Qh4+ Ke5 37. Re1+ Kd6 38. Qf4+ Ke7 39. Nf5+ 1-0

[Event "48.C.to  di Cat.Mag. Semif. ITA"]
[Site "Milano ITA"]
[Date "1988.02.19"]
[Round "7.14"]
[White "Rizzo, Giovanbattista"]
[Black "Biondi, Gualtiero"]
[Result "1/2-1/2"]
[WhiteElo "2054"]
[BlackElo "1973"]
[Annotator "Gabriele Ballarin"]
[PlyCount "57"]
[EventDate "1988.02.13"]
[EventType "tourn"]
[EventRounds "9"]
[EventCountry "ITA"]

1. e4 d5 2. exd5 Nf6 3. Bb5+ Bd7 4. Bc4 Bg4 5. f3 Bc8 6. Nc3 Nbd7 7. Nge2 Nb6 8. Bb3 Nfxd5 9. d4 e6 10. O-O Be7 11. Ne4 O-O 12. c3 Re8 13. N2g3 Nd7 14. f4 Nf8 15. Qf3 Nf6 16. f5 Nxe4 17. fxe6 f5 18. Nxf5 Nf6 19. Qg3 Ng6 20. Bh6 gxh6 21. Nxh6+ Kg7 22. Nf7 Bd6 23. Qg5 Qe7 24. Qh6+ Kg8 25. Qg5 Ne4 26. Nh6+ Kh8 27. Nf7+ Kg8 28. Nh6+ Kh8 29. Nf7+ 1/2-1/2

[Event "48.C.to  di Cat.Mag. Semif. ITA"]
[Site "Milano ITA"]
[Date "1988.02.19"]
[Round "7.15"]
[White "Tirabassi, Maurizio"]
[Black "Caizzone, Vito"]
[Result "1-0"]
[WhiteElo "2211"]
[BlackElo "2180"]
[Annotator "3h 15'"]
[PlyCount "93"]
[EventDate "1988.02.13"]
[EventType "tourn"]
[EventRounds "9"]
[EventCountry "ITA"]

1. d4 Nf6 2. Nf3 c6 3. e3 d6 4. c4 Bg4 5. Be2 Nbd7 6. Nc3 e5 7. O-O Be7 8. b3 O-O 9. Bb2 Qc7 10. e4 Nh5 11. Ne1 Bxe2 12. Nxe2 f5 13. Nc3 Nf4 14. Nd3 Nxd3 15. Qxd3 f4 16. f3 g5 17. Ne2 h5 18. Rad1 Rf7 19. b4 Kh7 20. dxe5 dxe5 21. a3 Nf8 22. Kh1 Rd8 23. Qb3 Bf6 24. Rxd8 Qxd8 25. Rd1 Rd7 26. Rxd7+ Qxd7 27. Qc2 g4 28. Bc3 Ng6 29. Qd2 Qxd2 30. Bxd2 Nh4 31. Ng1 Kg7 32. Be1 Kf7 33. fxg4 hxg4 34. Bxh4 Bxh4 35. h3 Bf2 36. hxg4 Bxg1 37. Kxg1 Kg6 38. Kf2 Kg5 39. Kf3 b5 40. cxb5 cxb5 41. g3 fxg3 42. Kxg3 a6 43. Kh3 Kf4 44. Kh4 Kxe4 45. g5 Kd5 46. g6 e4 47. g7 1-0

[Event "48.C.to  di Cat.Mag. Semif. ITA"]
[Site "Milano ITA"]
[Date "1988.02.19"]
[Round "7.16"]
[White "Zagallo, Bruno"]
[Black "Capurro, Giuliano"]
[Result "0-1"]
[WhiteElo "1900"]
[BlackElo "1976"]
[Annotator "Gabriele Ballarin"]
[PlyCount "42"]
[EventDate "1988.02.13"]
[EventType "tourn"]
[EventRounds "9"]
[EventCountry "ITA"]

1. e4 e5 2. Bc4 Nf6 3. d3 h6 4. f4 Nc6 5. Nf3 d5 6. exd5 Nxd5 7. fxe5 Bg4 8. O-O Bc5+ 9. Kh1 O-O 10. b4 Bd4 11. c3 Nxc3 12. Qb3 Bxf3 13. Nxc3 Bh5 14. e6 fxe6 15. Bxe6+ Kh8 16. Bb2 Be5 17. Ne4 Rxf1+ 18. Rxf1 Bxb2 19. Qxb2 Qxd3 20. Ng3 Nd4 21. Qf2 Nxe6 0-1

[Event "48.C.to  di Cat.Mag. Semif. ITA"]
[Site "Milano ITA"]
[Date "1988.02.19"]
[Round "7.17"]
[White "Castiglioni, Ferruccio"]
[Black "Lagumina, Giulio"]
[Result "1/2-1/2"]
[WhiteElo "2030"]
[BlackElo "2106"]
[Annotator "Gabriele Ballarin"]
[PlyCount "21"]
[EventDate "1988.02.13"]
[EventType "tourn"]
[EventRounds "9"]
[EventCountry "ITA"]

1. c4 g6 2. Nc3 Bg7 3. d4 Nf6 4. g3 O-O 5. Bg2 d6 6. Nf3 Nbd7 7. O-O e5 8. h3 c6 9. e4 Qb6 10. Re1 a5 11. Re2 1/2-1/2

[Event "48.C.to  di Cat.Mag. Semif. ITA"]
[Site "Milano ITA"]
[Date "1988.02.19"]
[Round "7.18"]
[White "Valenti, Giuseppe"]
[Black "Altini, Daniele"]
[Result "0-1"]
[WhiteElo "2245"]
[BlackElo "2020"]
[Annotator "Gabriele Ballarin"]
[PlyCount "36"]
[EventDate "1988.02.13"]
[EventType "tourn"]
[EventRounds "9"]
[EventCountry "ITA"]

1. e4 c5 2. Nf3 e6 3. d4 cxd4 4. Nxd4 Nc6 5. Nc3 d6 6. Be3 Nf6 7. Be2 Be7 8. O-O O-O 9. Kh1 a6 10. f4 Qc7 11. Qe1 b5 12. Nxc6 Qxc6 13. Bf3 Nd7 14. Bd4 Qc4 15. Rd1 Bb7 16. Qg3 e5 17. Bxe5 dxe5 18. Rxd7 Qxf1# 0-1

[Event "48.C.to  di Cat.Mag. Semif. ITA"]
[Site "Milano ITA"]
[Date "1988.02.20"]
[Round "8.1"]
[White "Iudicello, Massimo"]
[Black "Valenti, Giuseppe"]
[Result "0-1"]
[WhiteElo "1914"]
[BlackElo "2245"]
[Annotator "Gabriele Ballarin"]
[PlyCount "160"]
[EventDate "1988.02.13"]
[EventType "tourn"]
[EventRounds "9"]
[EventCountry "ITA"]

1. e4 c5 2. Nf3 e6 3. d3 d5 4. Nbd2 Nc6 5. g3 Nf6 6. Bg2 dxe4 7. dxe4 e5 8. O-O Be7 9. Qe2 O-O 10. c3 b6 11. Rd1 Qc7 12. Nf1 Rd8 13. Bg5 Be6 14. Bxf6 Bxf6 15. Ne3 Be7 16. Nd5 Qb7 17. Ne1 Rf8 18. Nc2 Bg5 19. h4 Bh6 20. g4 Bf4 21. Nxf4 exf4 22. e5 Rad8 23. Qe4 Rxd1+ 24. Rxd1 Bxg4 25. Rd6 f3 26. Bh1 Bd7 27. Bxf3 Rc8 28. Qd5 Be8 29. Ne3 Qc7 30. Bg4 Rb8 31. f4 Ne7 32. Qd2 Bc6 33. Bd7 Be4 34. Bb5 Nf5 35. Rd7 Qc8 36. Bc4 Nxe3 37. Bxf7+ Kh8 38. e6 Bc6 39. Rxa7 Nd5 40. c4 Nf6 41. Qd6 Ne4 42. Qc7 Qd8 43. Qxd8+ Rxd8 44. Rc7 Be8 45. Bxe8 Rxe8 46. Rc6 Rb8 47. e7 Kg8 48. Rxb6 Re8 49. Re6 Nf6 50. a3 Kf7 51. Rc6 Rb8 52. Rxc5 Rxb2 53. Rc7 Ne8 54. Rc5 Rc2 55. a4 Kxe7 56. a5 Ra2 57. Re5+ Kd7 58. Rd5+ Ke7 59. Re5+ Kf7 60. Rf5+ Nf6 61. Rc5 Ke6 62. Re5+ Kf7 63. Rc5 Ne4 64. Rc7+ Kf6 65. Rc6+ Kf5 66. Rc7 Kg6 67. Rc6+ Nf6 68. Rc5 Nh5 69. f5+ Kf6 70. Rb5 Ng3 71. c5 Ne2+ 72. Kf1 Nd4 73. Rb6+ Ke5 74. a6 Nxf5 75. c6 Kd6 76. Rb7 Kxc6 77. Rf7 Ng3+ 78. Ke1 Nh5 79. Rf5 Nf6 80. Re5 Kd6 0-1

[Event "48.C.to  di Cat.Mag. Semif. ITA"]
[Site "Milano ITA"]
[Date "1988.02.20"]
[Round "8.2"]
[White "Facchetti, Giovanni"]
[Black "Paglietti, Nicola"]
[Result "0-1"]
[WhiteElo "2106"]
[BlackElo "2174"]
[Annotator "Gabriele Ballarin"]
[PlyCount "102"]
[EventDate "1988.02.13"]
[EventType "tourn"]
[EventRounds "9"]
[EventCountry "ITA"]

1. e4 e5 2. Nf3 Nc6 3. c3 Nf6 4. d4 exd4 5. e5 Nd5 6. Be2 d6 7. cxd4 dxe5 8. dxe5 Bb4+ 9. Nbd2 Nf4 10. O-O Nxe2+ 11. Qxe2 O-O 12. a3 Bxd2 13. Bxd2 Bg4 14. Bc3 Qd5 15. Rad1 Bxf3 16. gxf3 Qe6 17. Qe4 Rad8 18. Kh1 g6 19. Rg1 Rxd1 20. Rxd1 Rd8 21. Rxd8+ Nxd8 22. Kg2 Qc6 23. Qd3 Ne6 24. Kg3 h5 25. h4 a6 26. f4 Qh1 (26... Qg2+ $1) 27. Qf3 Qxf3+ 28. Kxf3 Ng7 29. f5 Nxf5 30. Kf4 Nxh4 31. Kg5 Nf3+ 32. Kf4 Ng1 33. Bd2 c5 34. Be3 b6 35. Ke4 Ne2 36. Bg5 Nd4 37. b4 Ne6 38. Be3 g5 39. Kf5 h4 40. Kg4 Kf8 41. bxc5 bxc5 42. Bd2 Ke7 43. f4 gxf4 44. Kxh4 Kd7 45. Kg4 Kc6 46. Kf3 Kd5 47. Bc3 Kc4 48. Bd2 Kd3 49. Bc1 c4 50. a4 c3 51. a5 Nd4+ 0-1

[Event "48.C.to  di Cat.Mag. Semif. ITA"]
[Site "Milano ITA"]
[Date "1988.02.20"]
[Round "8.3"]
[White "Vezzosi, Paolo"]
[Black "Mantovani, Renzo"]
[Result "1/2-1/2"]
[WhiteElo "2270"]
[BlackElo "2410"]
[Annotator "Gabriele Ballarin"]
[PlyCount "105"]
[EventDate "1988.02.13"]
[EventType "tourn"]
[EventRounds "9"]
[EventCountry "ITA"]

1. e4 c5 2. Nf3 d6 3. d4 cxd4 4. Nxd4 Nf6 5. Nc3 Nc6 6. Bg5 e6 7. Qd2 Be7 8. O-O-O O-O 9. f4 Nxd4 10. Qxd4 Qa5 11. e5 dxe5 12. Qxe5 Qxe5 13. fxe5 Nd5 14. Bxe7 Nxe7 15. Bd3 b6 16. Be4 Rb8 17. Rhe1 Bb7 18. Rd7 Bxe4 19. Rxe4 Nc6 20. Nb5 Rfd8 21. Rc7 Rbc8 22. Rxc8 Rxc8 23. Rc4 Ne7 24. Rxc8+ Nxc8 25. Kd2 Kf8 26. c4 Ke7 27. Ke3 Kd7 28. Nd4 Ne7 29. b4 f5 30. exf6 gxf6 31. g4 a5 32. a3 axb4 33. axb4 e5 34. Nc2 Ke6 35. Ke4 Nc6 36. c5 bxc5 37. bxc5 h5 38. gxh5 f5+ 39. Kf3 Kf6 40. h4 Nd8 41. Nb4 e4+ 42. Ke3 Ke5 43. h6 f4+ 44. Kf2 Nf7 45. h7 f3 46. c6 Kd6 47. Ke3 Kc7 48. Kxe4 f2 49. Nd5+ Kxc6 50. Ne3 Kd6 51. Kf3 Ke6 52. Kxf2 Kf6 53. Kg3 1/2-1/2

[Event "48.C.to  di Cat.Mag. Semif. ITA"]
[Site "Milano ITA"]
[Date "1988.02.20"]
[Round "8.4"]
[White "Pantaleoni, Claudio"]
[Black "Leoni, Leopoldo"]
[Result "1/2-1/2"]
[WhiteElo "2080"]
[BlackElo "2126"]
[Annotator "Gabriele Ballarin"]
[PlyCount "103"]
[EventDate "1988.02.13"]
[EventType "tourn"]
[EventRounds "9"]
[EventCountry "ITA"]

1. d4 d5 2. c4 c6 3. Nc3 e6 4. e4 dxe4 5. Nxe4 Bb4+ 6. Bd2 Qxd4 7. Bxb4 Qxe4+ 8. Be2 Na6 9. Bd6 Nh6 10. Nf3 Nf5 11. Ba3 c5 12. O-O O-O 13. Bd3 Qc6 14. g4 Ne7 15. Qe2 Bd7 16. Rad1 Rad8 17. b3 Nb4 18. Bb1 Qc7 19. Bc1 b6 20. Bg5 Bc6 21. a3 Rxd1 22. Rxd1 Bxf3 23. Qxf3 Nbc6 24. Bxe7 Nxe7 25. Qd3 g6 26. Qd6 Rc8 27. Be4 Nc6 28. Bxc6 Qxc6 29. Qxc6 Rxc6 30. Rd7 a5 31. g5 Kf8 32. Rd8+ Kg7 33. Kg2 e5 34. Kf3 Re6 35. Ke4 h6 36. h4 hxg5 37. hxg5 f6 38. Rd7+ Kf8 39. Kd5 Re7 40. Rd8+ Kf7 41. gxf6 Kxf6 42. Rd6+ Kf5 43. Rxb6 e4 44. Kxc5 g5 45. Kd4 Rd7+ 46. Ke3 Rd3+ 47. Ke2 a4 48. b4 Rxa3 49. c5 Ke5 50. b5 Ra2+ 51. Ke3 Ra3+ 52. Ke2 1/2-1/2

[Event "48.C.to  di Cat.Mag. Semif. ITA"]
[Site "Milano ITA"]
[Date "1988.02.20"]
[Round "8.5"]
[White "Pernisco, Ermanno"]
[Black "Calvenzani, Oscar"]
[Result "1-0"]
[WhiteElo "2080"]
[BlackElo "1986"]
[Annotator "Gabriele Ballarin"]
[PlyCount "111"]
[EventDate "1988.02.13"]
[EventType "tourn"]
[EventRounds "9"]
[EventCountry "ITA"]

1. Nf3 d5 2. d4 Nf6 3. c4 c6 4. Nc3 e6 5. e3 Be7 6. Qc2 O-O 7. Bd3 b6 8. O-O Ba6 9. b3 Nbd7 10. e4 dxe4 11. Nxe4 Rc8 12. Ne5 c5 13. Nxd7 Nxd7 14. dxc5 bxc5 15. Rd1 Bb7 16. Bb2 Qc7 17. Qc3 Nf6 18. Re1 Rcd8 19. Nxf6+ Bxf6 20. Bxh7+ Kxh7 21. Qh3+ Kg6 22. Qg4+ Bg5 23. Bc1 Qe7 24. h4 Rd4 25. f4 Rh8 26. hxg5 Be4 27. Bb2 Bf5 28. Qf3 Rd3 29. Re3 Rxe3 30. Qxe3 Qb7 31. Qe5 Rh7 32. Rd1 Qc8 33. Kf2 Qc6 34. Rd2 a5 35. Ba3 a4 36. Qxc5 Qe4 37. Qe3 Qb1 38. Qe1 axb3 39. Qxb1 Bxb1 40. axb3 Rh8 41. b4 Kf5 42. Bc1 Rh1 43. Bb2 Kxf4 44. Bxg7 Be4 45. Rb2 Rc1 46. c5 Bd5 47. Bf8 e5 48. Bd6 Kxg5 49. Bxe5 Kf5 50. Bd6 Ke6 51. b5 Kd7 52. Ke3 Rc4 53. g3 Ra4 54. Bf4 Ra2 55. c6+ Kc8 56. Rxa2 1-0

[Event "48.C.to  di Cat.Mag. Semif. ITA"]
[Site "Milano ITA"]
[Date "1988.02.20"]
[Round "8.6"]
[White "Borgo, Giulio"]
[Black "Martorelli, Antonio"]
[Result "0-1"]
[WhiteElo "2365"]
[BlackElo "2235"]
[Annotator "Gabriele Ballarin"]
[PlyCount "89"]
[EventDate "1988.02.13"]
[EventType "tourn"]
[EventRounds "9"]
[EventCountry "ITA"]

1. d4 Nf6 2. Nc3 d5 3. Bg5 Nbd7 4. Nf3 h6 5. Bf4 c6 6. e3 g5 7. Bg3 Nh5 8. Be5 Nhf6 9. Bd3 Bg7 10. O-O Nxe5 11. Nxe5 O-O 12. f4 c5 13. dxc5 Qc7 14. b4 a6 15. Na4 Be6 16. Nb6 Rad8 17. Qe2 Ne8 18. e4 Bxe5 19. fxe5 Qxe5 20. exd5 Qxe2 21. Bxe2 Bxd5 22. Nxd5 Rxd5 23. Bf3 Rd7 24. Rad1 Rc7 25. Rd8 Nf6 26. Rfd1 g4 27. Rxf8+ Kxf8 28. Rd8+ Kg7 29. Be2 h5 30. c4 e6 31. Bd3 Nd7 32. Kf2 Ne5 33. Be2 Nc6 34. Rd1 Nxb4 35. a3 Nc6 36. Rb1 Kf6 37. Bd3 Ke5 38. Ke3 f5 39. g3 Kf6 40. Rb6 Nd8 41. Kd4 Nc6+ 42. Kc3 Nd8 43. Rd6 Rxc5 44. Rxd8 b5 45. Ra8 0-1

[Event "48.C.to  di Cat.Mag. Semif. ITA"]
[Site "Milano ITA"]
[Date "1988.02.20"]
[Round "8.7"]
[White "Quagliarella, Sabino Remo"]
[Black "Zagallo, Bruno"]
[Result "1-0"]
[WhiteElo "1900"]
[BlackElo "1900"]
[Annotator "Gabriele Ballarin"]
[PlyCount "121"]
[EventDate "1988.02.13"]
[EventType "tourn"]
[EventRounds "9"]
[EventCountry "ITA"]

1. c4 e5 2. Nc3 Nf6 3. g3 c6 4. Bg2 d5 5. cxd5 cxd5 6. d3 Be7 7. Nf3 Nc6 8. O-O O-O 9. Bg5 Be6 10. e3 h6 11. Bxf6 Bxf6 12. Qe2 Re8 13. Rfd1 Qa5 14. Nd2 Rad8 15. Nb3 Qb4 16. Qc2 Na5 17. Nxa5 Qxa5 18. Rac1 Rc8 19. Qa4 Qxa4 20. Nxa4 Be7 21. a3 d4 22. Bxb7 Rb8 23. Bc6 Rec8 24. exd4 Bb3 25. Re1 Rxc6 26. Rxc6 Bxa4 27. Ra6 Bc2 28. Rxa7 Bf8 29. b4 exd4 30. Rd7 Bxd3 31. Rxd4 Bb5 32. Red1 Be7 33. Rd5 Bc6 34. Ra5 Kf8 35. Ra7 Ke8 36. Re1 Rb7 37. Ra6 Bb5 38. Ra8+ Kd7 39. a4 Bc6 40. b5 Rxb5 41. Ra6 Rb7 42. Rxe7+ Kxe7 43. Rxc6 Ra7 44. Rc4 Kd6 45. Kg2 Kd5 46. Rb4 g5 47. f3 Ra6 48. Kf2 Kc5 49. Re4 Kd5 50. Ke3 f5 51. Rd4+ Kc5 52. Kd3 h5 53. h3 Rb6 54. Rc4+ Kd6 55. a5 Rb3+ 56. Rc3 Rxc3+ 57. Kxc3 g4 58. hxg4 f4 59. a6 Kc6 60. Kd3 fxg3 61. Ke2 1-0

[Event "48.C.to  di Cat.Mag. Semif. ITA"]
[Site "Milano ITA"]
[Date "1988.02.20"]
[Round "8.8"]
[White "Sani, Valentino"]
[Black "Drei, Andrea"]
[Result "0-1"]
[WhiteElo "1900"]
[BlackElo "2235"]
[Annotator "Gabriele Ballarin"]
[PlyCount "70"]
[EventDate "1988.02.13"]
[EventType "tourn"]
[EventRounds "9"]
[EventCountry "ITA"]

1. c4 e5 2. Nc3 Nf6 3. g3 d5 4. cxd5 Nxd5 5. Bg2 Nb6 6. Nf3 Nc6 7. O-O Be7 8. d3 O-O 9. Be3 f5 10. Qd2 Bf6 11. Bc5 Re8 12. Rac1 Be6 13. Rfd1 Nd7 14. Be3 Nd4 15. Ng5 c6 16. Nxe6 Rxe6 17. b4 a6 18. Rb1 Nb6 19. a4 Kh8 20. Qa2 Qd6 21. a5 Nd7 22. Na4 Re7 23. Rdc1 Nf8 24. Rc4 Nfe6 25. Nc5 Rae8 26. Bc1 Nxc5 27. bxc5 Qe6 28. e4 f4 29. gxf4 exf4 30. Bxf4 Qg4 31. Bg3 Ne2+ 32. Kf1 Nc3 33. e5 Qe6 34. Bd5 Qxd5 35. Qb2 Qxd3+ 0-1